Obchodní jednání a národní zvyklosti: Čína
Obchodné rokovania a národné zvyklosti v Číne. Spoločenská etiketa. Verbálna a neverbálna komunikácia. Pracovné návyky. Vzťahy medzi ľuďmi. Náboženstvo. Kultúrne zvláštnosti.
Salvato in:
| Autore principale: | |
|---|---|
| Natura: | Capitolo di libro |
| Lingua: | ceco |
| Soggetti: | |
| Tags: |
Nessun Tag, puoi essere il primo ad aggiungerne!!
|
MARC
| LEADER | 00000naa a2200000 4500 | ||
|---|---|---|---|
| 001 | r041408 | ||
| 005 | 20230908092124.3 | ||
| 041 | 0 | |a cze | |
| 044 | |a CZ | ||
| 245 | 1 | 0 | |a Obchodní jednání a národní zvyklosti: Čína |c Jan Erben |
| 520 | |a Obchodné rokovania a národné zvyklosti v Číne. Spoločenská etiketa. Verbálna a neverbálna komunikácia. Pracovné návyky. Vzťahy medzi ľuďmi. Náboženstvo. Kultúrne zvláštnosti. | ||
| 610 | 2 | 0 | |a rokovania obchodné |
| 610 | 2 | 0 | |a partneri obchodní |
| 610 | 2 | 0 | |a Čína |
| 610 | 2 | 0 | |a zvyklosti obchodné |
| 610 | 2 | 0 | |a komunikácia |
| 610 | 2 | 0 | |a etiketa |
| 610 | 2 | 0 | |a náboženstvo |
| 100 | 1 | |a Erben, Jan | |